[Event "African Online-ch Open 2021"]
[Site "Online"]
[Date "2021.02.01"]
[Round "6.7"]
[White "Joelson, Ricardo"]
[Black "Kayonde, Andrew"]
[Result "0-1"]
[WhiteElo "2017"]
[BlackElo "2393"]
[Annotator "TA"]
[PlyCount "126"]
[EventDate "2021.02.01"]
[EventType "swiss"]
[EventCountry "NET"]
[SourceTitle "playchess.com"]
[Source "ChessBase"]
[SourceQuality "1"]

{[%evp 14,126,8,8,27,12,22,14,27,0,0,13,18,-70,33,24,43,0,0,0,0,0,0,-39,-21,-31,-6,-17,-2,-31,0,-45,-6,-6,-10,-12,-12,-10,0,0,0,0,0,-21,-21,-47,-4,-5,-13,-31,-26,-29,-18,-29,-15,-19,0,-14,-14,-14,0,0,0,0,0,0,0,0,0,0,0,0,0,0,0,0,0,0,0,-470,-429,-294,-70,-71,-78,-95,0,-8,-8,-1540,-404,-1457,-1033,-599,0,0,-8,-1213,-1213,-2239,-1670,-29976,-29977,-29980,-29981,-29981,-29982,-29982,-29983,-29985,-29984,-29986,-29987,-29987,-29984]} 1. e4 c6 2. d4 d5 3. Nc3 dxe4 4. Nxe4 Nf6 5. Nxf6+ exf6 6. Nf3 Bd6 7. Bd3 O-O 8. O-O Nd7 {[%cal Bb8d7,Bd7f8,Bf8e6][%mdl 32] B15: Caro-Kann: 3 Nc3: 3...g6 and 3...dxe4 4 Nxe4 Nf6 5 Nxf6+ exf6.} 9. h3 Re8 10. c4 {10.c3 might become the main line.} Nf8 {The position is equal.} 11. b3 Ne6 {[#]} 12. Re1 $146 ({Predecessor:} 12. Be3 Nf4 13. Bxf4 Bxf4 14. Bc2 Be6 15. Qd3 g6 16. Rad1 Qa5 17. Qe4 Bc7 18. Qh4 Qxa2 {½-½ (88) Dourerassou,J (2477)-De Borba,G (2279) chess.com INT 2020}) 12... Bd7 13. Qc2 {[#]} (13. Be3 $11) 13... g6 (13... Nxd4 $1 $15 14. Rxe8+ (14. Bxh7+ $2 Kh8 $19) 14... Qxe8 15. Nxd4 Qe1+ 16. Bf1 Qe5) 14. Bd2 Nf4 15. Bxf4 (15. Rxe8+ {keeps more tension.} Qxe8 16. Bf1 Bf5 17. Qb2 Qd8 18. Re1) 15... Bxf4 16. Rxe8+ Qxe8 17. Re1 Qf8 18. g3 Bc7 19. Bf1 a5 20. Bg2 Qb4 21. Qd2 Bd6 22. d5 (22. c5 $5 {[%cal Rd2b4]} Bf8 23. Qf4 $11) 22... a4 (22... cxd5 {feels hotter.} 23. Qxd5 Bc6 24. Qd1 a4 25. Re2 axb3 26. axb3 Bxf3 27. Bxf3 Ra3) 23. dxc6 $1 Bxc6 24. Rd1 axb3 (24... Bc5 {with more complications.} 25. Qxb4 Bxb4 26. Nh4 Bc5 27. Bxc6 bxc6 28. Nf3 Kf8) 25. axb3 ({Not} 25. Qxd6 $2 Qxd6 26. Rxd6 bxa2 $19) 25... Qxd2 ({Much weaker is} 25... Qxb3 $6 26. Nd4 $16) (25... Bf8 {seems wilder.} 26. Qxb4 Bxb4 27. Nh4 Bc5 28. Bxc6 bxc6 29. Nf3 Kf8) 26. Nxd2 Bb4 27. Bxc6 bxc6 $11 {[%mdl 4096] Endgame KRB-KRN} 28. Nf1 Ra2 29. Rd3 Be1 30. Rf3 f5 31. Ne3 Rb2 32. g4 Rxb3 33. gxf5 Bd2 34. fxg6 fxg6 35. Kg2 Bxe3 36. fxe3 {KR-KR} Rc3 37. Rf4 $1 Rxe3 38. Rf6 c5 39. Rc6 Re5 40. Rc7 Rf5 41. Kg3 h6 42. Kg2 Kf8 43. Kg3 Ke8 44. h4 h5 45. Rg7 Rf1 {White must now prevent ...Rc1.} 46. Kh3 $2 {[%mdl 8192]} (46. Rc7 $11 {and White stays safe.}) 46... Rh1+ $1 $19 47. Kg3 Rg1+ $2 (47... Rc1 $19 {aiming for ...Rc3+.} 48. Kf4 Rxc4+ 49. Ke5 Rxh4 50. Rxg6 c4) 48. Kf4 $1 $15 Rg4+ 49. Ke5 {[#]} Rxc4 (49... Kf8 $1 $17 {[%cal Rf8g7]} 50. Rh7 Kg8) 50. Rxg6 $11 Rxh4 51. Kf5 $2 {[%mdl 8192]} (51. Rc6 $11) 51... c4 (51... Kd7 $142 52. Ke5 Rh1) 52. Ra6 (52. Ke6 $142 Re4+ 53. Kd5) 52... Rd4 53. Ke5 {[#]} Rg4 $2 ({Black should try} 53... Rd3 $1 $19 {And now ...c3 would win.} 54. Ke4 Rh3) 54. Rh6 Rh4 {Strongly threatening ...c3.} (54... Kd7 $5 55. Kd5 $8 h4 56. Rh7+ Ke8 $11) 55. Rc6 $2 {[%mdl 8192]} (55. Ke6 $11 Kf8 56. Kf6 Rf4+ 57. Ke5) 55... Kd7 $19 56. Ra6 c3 {[%cal Bc4c3,Bc3c2][%mdl 32]} 57. Rd6+ Kc7 {Black mates.} 58. Rd3 Rc4 59. Rd1 c2 60. Rc1 Kc6 61. Kf5 h4 62. Kg5 h3 63. Kf5 h2 {Weighted Error Value: White=0.73/Black=0.49} 0-1

[Event "African Online-ch Open 2021"]
[Site "Online"]
[Date "2021.02.01"]
[Round "6.8"]
[White "Zaibi, Amir"]
[Black "Hemam, Moulaye Brahim"]
[Result "0-1"]
[WhiteElo "2381"]
[BlackElo "2046"]
[Annotator "TA"]
[PlyCount "58"]
[EventDate "2021.02.01"]
[EventType "swiss"]
[EventCountry "NET"]
[SourceTitle "playchess.com"]
[Source "ChessBase"]
[SourceQuality "1"]

{[%evp 16,58,45,0,0,0,0,-91,-89,-115,-83,-97,-87,-115,-120,-120,-63,-118,-85,-103,-31,-10,-52,-83,-79,-102,-119,-220,-216,-671,-687,-669,-669,-768,-760,-912,-898,-939,-945,-1001,-982,-1132,-1141,-1068,-1077]} 1. e4 d6 2. d4 Nf6 3. Nc3 g6 4. Be3 Bg7 5. f3 O-O 6. Qd2 e5 7. Nge2 exd4 8. Nxd4 d5 9. O-O-O (9. e5 $5 {[%cal Re5f6]}) 9... c5 {C41: Philidor Defence.} 10. Nb3 d4 11. Nxc5 {[#]} (11. Bg5 $11 {remains equal.}) 11... Nfd7 $1 $17 {Black is better.} 12. Bxd4 Bxd4 13. Qxd4 {Strongly threatening Nd5.} Qg5+ {[%mdl 64] Double Attack} 14. Kb1 {[%cal Rc5d7]} Qxc5 15. Qd2 {[#]} Nf6 $146 ({Better is} 15... Nb6 $17 16. Qd6 Qxd6 17. Rxd6 Be6) ({Predecessor:} 15... Nc6 16. h4 Nde5 17. h5 Be6 18. Qh6 Qe7 19. f4 Ng4 20. Qg5 Qxg5 21. fxg5 Nf2 {0-1 (21) Mroziak,M (2369)-Shevchenko,K (2592) Tornelo INT 2020}) 16. h4 ({White should play} 16. Qf4 $15 Nh5 17. Qd6 Qxd6 18. Rxd6) 16... Nc6 17. h5 a5 (17... Nxh5 $6 18. Nd5 $11) (17... Be6 $17 18. hxg6 fxg6) 18. Qh6 {[#] Hoping for Nd5.} Be6 ({Don't blunder} 18... Nxh5 $2 19. Rd5 $18) 19. g4 {With the idea hxg6.} Rfd8 20. Bd3 {hxg6 is the strong threat.} Qf8 21. hxg6 (21. Qe3 $17) 21... Qxh6 $19 ({But not} 21... fxg6 22. Qg5 $17) 22. gxf7+ $2 (22. Rxh6 hxg6 23. Rh2) 22... Kg7 {Black is clearly winning.} 23. Rxh6 Kxh6 24. f4 Nxg4 25. Rg1 Nf2 26. Be2 Nd4 27. f5 Bxf7 28. e5 Nxe2 29. Nxe2 Rd1+ {Weighted Error Value: White=0.81/Black=0.08} 0-1

[Event "African Online-ch Open 2021"]
[Site "Online"]
[Date "2021.02.01"]
[Round "6.9"]
[White "Amdouni, Zoubaier"]
[Black "Gohil, Mehul"]
[Result "1-0"]
[WhiteElo "2229"]
[BlackElo "1991"]
[Annotator "TA"]
[PlyCount "93"]
[EventDate "2021.02.01"]
[EventType "swiss"]
[EventCountry "NET"]
[SourceTitle "playchess.com"]
[Source "ChessBase"]
[SourceQuality "1"]

{[%evp 9,93,36,35,52,36,46,43,17,19,18,41,33,51,39,34,35,44,32,39,36,30,27,20,30,42,39,131,-36,39,5,3,5,4,10,10,9,163,163,166,156,156,161,201,199,208,200,240,235,281,248,368,347,367,356,377,397,376,369,356,343,828,814,775,710,723,634,860,849,3875,3031,1808,1493,29976,29977,29977,29978,29984,29982,29989,29990,29990,29991,29991,29989,29989,29990]} 1. e4 e6 2. d4 d5 3. Bd3 c5 4. exd5 Qxd5 5. Nc3 Qd8 6. dxc5 {C01: French: Exchange Variation.} Bxc5 7. Qg4 Nf6 (7... Qf6 $2 8. Ne4 $18) 8. Qh4 {White is slightly better.} Nc6 9. Bg5 {[#]} Bd7 $146 ({Predecessor:} 9... Be7 10. O-O-O h6 11. Nf3 Qa5 12. Bd2 O-O 13. Qa4 Qxa4 14. Nxa4 Nb4 15. Bc4 {½-½ (15) Solberg,J (2270)-De Strycker,N (2097) Helsingor 2015}) 10. O-O-O Qa5 11. Bxf6 gxf6 12. Ne4 O-O-O 13. Nxc5 Qxc5 14. Qxf6 Rhg8 15. Nh3 Rxg2 16. Be4 (16. Qxf7 Rg4 $14) 16... Rg4 17. Rhe1 Qh5 (17... e5 $14) 18. f3 $2 {[#]} Rg2 (18... Rxe4 $1 $15 19. Rxe4 Qxh3) 19. Nf4 (19. Bxc6 {is more complex.} bxc6 20. Nf4 Qg5 21. Qd4 Rxh2 22. Re5) 19... Qg5 20. Qxg5 Rxg5 21. h4 $36 {[%mdl 2048] White has the initiative.} Ra5 22. a3 f5 $2 {This move loses the game for Black.} (22... Ra4 $11 {and Black is okay.}) 23. Bxc6 $18 Bxc6 24. Rxd8+ ({Not} 24. Rxe6 Rxd1+ 25. Kxd1 Ra4 $11) 24... Kxd8 25. Nxe6+ {[%mdl 4096] Endgame KRB-KRN} Kd7 26. Nd4 Rd5 27. c3 Ba4 28. Rg1 Kc8 29. Rg8+ Rd8 (29... Kc7 $142 30. Rg5 Rd6) 30. Rxd8+ Kxd8 31. Nxf5 {KB-KN} Kd7 32. Kd2 Ke6 33. Nd4+ Ke5 34. Ke3 h5 $2 (34... Be8 35. f4+ Kf6) 35. c4 Be8 36. f4+ Kd6 37. Ke4 Kc5 38. b3 {[%cal Bb2b3,Bb3b4,Bb4b5,Bb5b6][%mdl 32]} a5 39. Ke5 a4 40. Ne6+ Kb6 41. b4 {White mates.} Kc6 42. f5 b5 43. cxb5+ {[%mdl 64] [#] Overworked Piece} Kxb5 44. Nc7+ {[%mdl 64] Double Attack} Kc4 45. Nxe8 Kb3 46. b5 Kxa3 47. b6 {Weighted Error Value: White=0.14/Black=0.41} 1-0

[Event "African Online-ch Open 2021"]
[Site "Online"]
[Date "2021.02.01"]
[Round "6.10"]
[White "Bouzidi, Ahmed"]
[Black "Mosutha, Thuso"]
[Result "1-0"]
[WhiteElo "2163"]
[BlackElo "2036"]
[Annotator "TA"]
[PlyCount "89"]
[EventDate "2021.02.01"]
[EventType "swiss"]
[EventCountry "NET"]
[SourceTitle "playchess.com"]
[Source "ChessBase"]
[SourceQuality "1"]

{[%evp 16,89,27,13,31,37,31,13,0,-1,-8,-19,0,-7,28,24,5,-53,-58,-60,-56,-58,-42,-52,0,25,23,0,0,0,10,7,0,0,0,0,0,0,0,-2,-2,-2,-4,-5,8,12,123,122,127,10,19,14,50,50,50,49,64,57,61,39,59,29,105,112,126,124,285,224,227,230,230,229,337,336,323,318]} 1. e4 c5 2. c3 Nf6 3. e5 Nd5 4. Bc4 Nb6 5. Bb3 c4 6. Bc2 Nc6 7. Nf3 d5 {7...d6 is the modern continuation.} 8. exd6 Qxd6 9. O-O Bg4 {B22: Sicilian: 2 c3.} 10. Re1 O-O-O 11. Na3 Qf6 {The position is equal.} 12. b3 Nd5 {[#] aiming for ...Nxc3!} 13. Qe2 ({Don't go for} 13. bxc4 $2 Nxc3 14. dxc3 Rxd1 $19) 13... Nf4 14. Qe4 {[#]} ({Avoid the trap} 14. Qxc4 $2 Bxf3 15. Re3 Bd5 $19) 14... Bxf3 $146 ({Predecessor:} 14... e6 15. b4 Bxf3 16. Qxf3 Ne5 17. Qe4 Ned3 18. Qxc4+ Kb8 19. Bxd3 Nxd3 20. Rf1 Bxb4 {0-1 (36) Hallaeva,B (2133)-Gu,X (2295) Sharjah 2018}) 15. Qxf3 Nd3 16. Rd1 ({White should play} 16. Qxf6 $11 exf6 17. Bxd3 cxd3 18. Nc4) 16... Qxf3 $15 17. gxf3 cxb3 18. axb3 e6 19. Nc4 Bc5 ({Better is} 19... Kb8 $15) 20. Bxd3 $11 Rxd3 21. b4 Bb6 22. b5 Nd8 23. Nxb6+ axb6 24. Kf1 Rxf3 25. d3 Kc7 26. Ra8 f6 27. c4 Nf7 28. Rxh8 Nxh8 {[%mdl 4096] Endgame KRB-KRN} 29. Be3 e5 30. Ra1 {Threatens to win with Ra8.} Ng6 {[#]} (30... Kb8 $11 {remains equal.}) 31. Ra8 $1 $16 {[%mdl 1024] White has strong compensation.} Nf4 32. Rg8 (32. Rf8 $16) 32... Ne6 $11 33. Re8 Kd7 (33... Kd6 {is interesting.} 34. Ke2 Kd7 35. Rb8 Kc7 36. Kxf3 Kxb8 37. Bxb6 Kc8) 34. Rh8 Rh3 35. Kg2 Rh5 36. Bxb6 Nf4+ 37. Kg1 Rh3 38. Be3 (38. Rd8+ {looks sharper.} Ke7 39. Rb8 Rxd3 40. Rxb7+ Rd7 41. Rxd7+ Kxd7 42. Kf1) 38... Nxd3 (38... Ne6 $1 $11) 39. Rb8 $16 Kc7 40. Rg8 Nb2 $2 {This costs Black the game.} (40... f5 $16) 41. Rxg7+ Kc8 42. b6 Rh4 43. c5 f5 (43... Nc4 {is a better defense.} 44. Rc7+ Kb8) 44. Rc7+ $18 Kb8 45. Rf7 {[%cal Rf7f8] Weighted Error Value: White=0.11/Black=0.25} 1-0

[Event "African Online-ch Open 2021"]
[Site "Online"]
[Date "2021.02.01"]
[Round "6.11"]
[White "Likoko, Elvis"]
[Black "Seddaoui, Yamine"]
[Result "0-1"]
[WhiteElo "1646"]
[BlackElo "2127"]
[Annotator "TA"]
[PlyCount "102"]
[EventDate "2021.02.01"]
[EventType "swiss"]
[EventCountry "NET"]
[SourceTitle "playchess.com"]
[Source "ChessBase"]
[SourceQuality "1"]

{[%evp 9,102,46,49,60,55,55,58,60,66,7,12,14,37,25,51,-16,-2,-87,-79,-68,-38,-110,-33,-68,-87,-103,-70,-81,-47,-108,-77,-85,-85,-86,-70,-99,-83,-73,-48,-61,-21,-28,-37,-37,-20,-23,0,-17,0,0,37,27,31,33,47,26,33,0,-3,-18,0,-28,-25,-21,-18,-81,-54,-49,-50,-58,-35,-77,-20,-50,0,0,0,-76,0,-42,-19,-11,-11,-20,-8,-56,-62,-69,-68,-107,-94,-680,-672,-682,-659]} 1. e4 d6 2. d4 Nf6 3. f3 Nbd7 4. c4 c5 5. Ne2 g6 6. Be3 {B07: Pirc Defence: Miscellaneous Systems.} Bg7 7. Qd2 a6 8. Nbc3 {White is slightly better.} Qa5 9. Ng3 {[#]} (9. dxc5 $14 Nxc5 10. Rb1) 9... cxd4 $146 ({Predecessor:} 9... h5 10. Be2 cxd4 11. Bxd4 Ne5 12. Rd1 Bd7 13. Nd5 Qxd2+ 14. Rxd2 Nxd5 15. cxd5 O-O {0-1 (51) Gunnarsson,A (2240)-Christiansen,L (2575) Reykjavik 1998}) 10. Bxd4 Ne5 11. Be2 Be6 12. b3 (12. b4 $1 $14 Qa3 13. Nd5 Bxd5 14. exd5 (14. cxd5 Rc8 $11)) 12... Nc6 13. Bxf6 (13. Bg1 $1 $11) 13... Bxf6 $17 14. Rc1 h5 15. h4 (15. f4 $15) 15... Qb6 (15... Bd4 $17 16. Bd3 Qc5) 16. Bd3 Bd4 17. Nd1 Bg7 18. Ne2 Ne5 19. Bb1 ({White should try} 19. Nf4 $15) 19... Bh6 20. f4 Ng4 21. g3 O-O 22. Qd4 Qa5+ (22... Qc7 {is interesting.} 23. O-O Bg7 24. Qd2 b5 25. f5 Bd7) 23. Qd2 Qc7 (23... Qc5 {keeps more tension.} 24. Nec3 Rfe8 25. Kf1 Rac8 26. Kg2 Bg7) 24. Nf2 Nxf2 25. Kxf2 Bg4 26. Nc3 e5 27. Nd5 Qc5+ 28. Qe3 exf4 29. gxf4 Be6 (29... Qxe3+ {looks sharper.} 30. Kxe3 Kh8 31. Bd3 Be6 32. Kf3 Rac8) 30. Qxc5 dxc5 31. Kg3 Rad8 32. Rcd1 Bg7 33. f5 {Ne7+ is the strong threat.} Be5+ 34. Kf3 Bd7 35. Nb6 Bc6 36. Nd5 Kg7 37. Rd2 (37. Ne7 $11 {remains equal.}) 37... Bd4 38. Rg2 Kh6 39. Rg5 b5 40. Bd3 Rde8 (40... gxf5 $17 {With the idea ...f6.} 41. Nf4 fxe4+ 42. Bxe4 Bxe4+ 43. Kxe4 Rfe8+ 44. Kf3 Re3+ 45. Kg2 Re5) 41. Rh2 Bxd5 42. cxd5 Bf6 43. Rgg2 (43. Rhg2 $11) 43... Bd4 (43... gxf5 $17 44. exf5 Re1) 44. fxg6 (44. Rg5 {seems wilder.}) 44... fxg6+ 45. Ke2 c4 $36 {[%mdl 2048] Black has some pressure.} 46. bxc4 bxc4 47. Bxc4 (47. Bc2 {feels hotter.} Rf6 48. Rh3 Kg7 49. Ra3 Rb6 50. Rag3) 47... Rxe4+ 48. Kd3 Ref4 {Threatens to win with ...Be5.} 49. Bxa6 Bf6 50. Bc4 $2 {[%mdl 8192] [#]} (50. Rd2 $17) 50... Rd4+ $19 51. Kc3 Rc8 {Weighted Error Value: White=0.41/Black=0.17} 0-1

[Event "African Online-ch Open 2021"]
[Site "Online"]
[Date "2021.02.01"]
[Round "6.12"]
[White "Miguel, Sergio"]
[Black "Hamzaoui, Khalil"]
[Result "1-0"]
[WhiteElo "2377"]
[BlackElo "1883"]
[Annotator "TA"]
[PlyCount "85"]
[EventDate "2021.02.01"]
[EventType "swiss"]
[EventCountry "NET"]
[SourceTitle "playchess.com"]
[Source "ChessBase"]
[SourceQuality "1"]

{[%evp 14,85,0,-17,-18,-18,2,-3,12,-4,21,31,61,60,56,45,54,49,70,50,85,82,263,268,261,241,225,140,139,130,120,127,132,81,79,69,83,82,215,214,209,209,216,214,212,212,211,211,198,192,222,211,220,154,255,275,278,266,258,269,238,239,278,270,269,272,275,268,255,236,284,280,877,858]} 1. d4 c5 2. e3 Nf6 3. Nf3 g6 4. c4 Bg7 5. Nc3 O-O 6. Be2 cxd4 7. exd4 d5 8. c5 Ne4 {E61: King's Indian: Early deviations for White, including Smyslov System.} 9. O-O Nxc3 10. bxc3 Nc6 {The position is equal.} 11. Bf4 Qa5 12. Qb3 {[#]} e6 $146 ({Predecessor:} 12... e5 13. Be3 e4 14. Nd2 Qd8 15. f3 Na5 16. Qc2 exf3 17. Nxf3 Bf5 18. Bd3 Bxd3 19. Qxd3 {0-1 (36) Hassan,S-Cilia Vincenti,D (2129) Turin 2006}) 13. Rfe1 e5 14. dxe5 Qxc5 15. Rad1 Be6 16. Qxb7 {Hoping for Be3.} Rab8 17. Qa6 {Black must now prevent Be3.} ({Much worse is} 17. Be3 Qxc3 18. Qa6 Nxe5 $11) 17... Rb2 $2 (17... Rfc8 $16 {was called for.}) 18. Be3 $1 $18 {[%cal Re3c5]} d4 19. cxd4 Qd5 20. Rc1 Nb4 21. Qa3 ({Much less strong is} 21. Qxa7 $6 Nc2 $14) 21... Qxa2 22. Qxa2 Rxa2 23. Ra1 ({Better is} 23. Bc4 Bxc4 24. Rxc4) 23... a5 $16 24. Rxa2 Bxa2 25. Ra1 {Bd2 is the strong threat.} Rc8 {[#]} (25... Ra8 $16 {is a better defense.}) 26. Bd2 $1 $18 Rc2 {[#]} 27. Bd1 $1 {[%cal Rd1c2]} Rb2 28. Bc3 Rb1 29. Rxb1 Bxb1 30. Nd2 Ba2 31. Bb3 a4 32. Bxa4 ({Less strong is} 32. Bxb4 axb3 33. Bc3 Bh6 $11) 32... Nd5 33. Ba5 Nf4 (33... f6 $16 {was worth a try.} 34. Nf3 Kf7) 34. Bb3 Bxb3 35. Nxb3 {[%mdl 4096] Endgame KBN-KBN} f6 36. g3 Nd5 37. f4 g5 38. exf6 Bxf6 39. fxg5 Bxg5 40. Kf2 Kf7 41. Kf3 Ke6 42. Nc5+ Kd6 $2 (42... Ke7 43. g4 Kf7) 43. Ne4+ {[%mdl 64] Double Attack.  Weighted Error Value: White=0.07/Black=0.29} 1-0

[Event "African Online-ch Open 2021"]
[Site "Online"]
[Date "2021.02.01"]
[Round "6.13"]
[White "Oliveira, Luciano"]
[Black "Pascoal, Eduardo A"]
[Result "0-1"]
[WhiteElo "2115"]
[BlackElo "2184"]
[Annotator "TA"]
[PlyCount "100"]
[EventDate "2021.02.01"]
[EventType "swiss"]
[EventCountry "NET"]
[SourceTitle "playchess.com"]
[Source "ChessBase"]
[SourceQuality "1"]

{[%evp 9,100,11,9,4,6,-21,0,0,0,-5,0,-13,-6,-6,0,-1,-2,-11,-6,-6,-2,-1,-8,-27,12,0,8,8,13,7,17,7,21,0,0,-18,-20,-14,14,-8,-4,-6,-4,-7,0,-5,0,0,0,0,0,-10,-10,-10,-6,-13,-16,-257,-243,-225,-194,-249,-249,-243,-244,-259,-251,-545,-534,-517,-492,-795,-768,-624,0,-348,0,-679,-552,-1083,-1094,-969,-795,-740,-542,-1050,-1003,-854,-832,-12849,-8370,-29993,-29994]} 1. d4 Nf6 2. Nf3 b6 3. Bf4 Bb7 4. Nbd2 e6 5. h3 d5 6. e3 {A47: 1 d4 Nf6 2 Nf3 b6: Torre, London and Colle Systems.} Bd6 7. Be5 {[#]} Nbd7 $146 ({Predecessor:} 7... Nc6 8. Bxf6 Qxf6 9. c4 O-O 10. cxd5 exd5 11. Be2 Rfe8 12. O-O Rad8 13. Qa4 a5 {1-0 (57) Unkelbach,M (1947)-Myagkov,K (1845) Forchheim 2013}) 8. Bxd6 {The position is equal.} cxd6 9. Bd3 O-O 10. c4 dxc4 11. Nxc4 Qe7 12. O-O Rfc8 13. Rc1 Rc7 14. Ncd2 Rxc1 15. Qxc1 Rc8 16. Qd1 d5 17. a3 Qd6 18. Qb1 Qc7 19. Nb3 Ne4 20. Rc1 Qd8 21. Rxc8 Qxc8 22. Qc2 (22. Nc1 {is more complex.} Ndf6 23. Ne2 Ba6 24. Bxa6 Qxa6 25. Qc2) 22... Qxc2 23. Bxc2 Ba6 24. Ne1 Kf8 (24... Nd6 {with more complications.} 25. f3 Nb8 26. Nd2 g5 27. g4 Nc6) 25. Bd3 Bxd3 26. Nxd3 $11 {[%mdl 4096] Endgame KNN-KNN} Ke7 27. Kf1 Kd6 28. Ke2 f6 29. f3 Ng5 30. Nf2 e5 31. Kd3 Ne6 32. g3 a5 {[%cal Ba7a5,Ba5a4][%mdl 32]} 33. e4 $2 {White is on the road to losing.} (33. h4 $11 {and White is okay.}) 33... a4 $19 34. Nd2 {intending dxe5+.} Nxd4 35. f4 (35. Kc3 $142) 35... Nc5+ 36. Ke3 Ndb3 37. fxe5+ fxe5 {[#] White must now prevent ...Nxd2.} ({Don't take} 37... Kxe5 38. Nf3+ Kd6 39. exd5 $17) 38. exd5 $2 (38. Nf1) 38... Nxd2 39. Kxd2 Kxd5 {Hoping for ...Ne4+. KN-KN} 40. Ke3 (40. Nd1 $142 Kc4 41. b4 axb3 42. Ne3+ Kd4 43. Nf5+ Ke4 44. Ne3) 40... Kc4 41. Ng4 Kd5 42. Nf2 $1 Kc4 $2 (42... h6 $19 43. h4 Kc4) 43. Kd2 $2 {[%mdl 8192]} (43. Ng4 $11) 43... Kb3 44. Kc1 e4 {[#] Strongly threatening ...e3.} 45. Nd1 Nd3+ 46. Kb1 Ne5 47. Ne3 Nc4 48. Nf5 Nxb2 49. Nxg7 e3 {( -> ...e2)} 50. Kc1 Kc3 {Weighted Error Value: White=0.93/Black=0.37} 0-1

[Event "African Online-ch Open 2021"]
[Site "Online"]
[Date "2021.02.01"]
[Round "6.14"]
[White "Fernandes, Avelino"]
[Black "Abdelazeez, Mohamed Abdalla"]
[Result "1/2-1/2"]
[WhiteElo "1887"]
[BlackElo "2214"]
[Annotator "TA"]
[PlyCount "126"]
[EventDate "2021.02.01"]
[EventType "swiss"]
[EventCountry "NET"]
[SourceTitle "playchess.com"]
[Source "ChessBase"]
[SourceQuality "1"]

{[%evp 9,126,-83,-75,-78,6,-15,0,-37,-32,-40,-10,-12,0,-25,-31,-36,-27,-102,-32,-35,-27,-23,-32,-80,-58,-132,-85,-159,-132,-133,-74,-111,-81,-77,-60,-103,-94,-93,-27,-22,-31,-25,-16,-29,0,0,0,0,0,-29,0,0,0,0,0,0,0,0,0,0,0,0,21,0,0,0,0,0,0,-25,0,0,0,0,0,0,0,0,0,0,0,0,0,-10,0,0,0,0,0,-8,0,0,0,-8,-8,-8,-8,-8,-8,-8,-8,-8,-8,-8,-8,-8,-8,-8,0,0,0,0,0,0,0,0,0,0,0]} 1. e4 e5 2. Bc4 Bc5 3. Qf3 Nf6 4. c3 Nc6 5. b4 Bb6 $1 6. a4 {Strongly threatening a5. C23: Bishop's Opening: 2...Bc5.} a6 (6... a5 $1 $17 7. b5 Ne7) 7. d3 h6 {[#]} (7... a5 {keeps more tension.} 8. b5 Ne7 9. h3 d5 10. exd5 Nfxd5 11. Ne2 O-O) 8. Be3 $146 ({Predecessor:} 8. Ne2 d6 9. h3 Ne7 10. Ng3 d5 11. exd5 Nexd5 12. O-O O-O 13. Bxd5 Nxd5 14. Ra2 {0-1 (32) Pastewski,B-Kalinowski,J Poland 2011}) 8... Bxe3 9. fxe3 d6 10. Qg3 O-O 11. Nf3 d5 12. exd5 Nxd5 13. Qf2 (13. Nxe5 $11 {remains equal.} Nxe5 14. Qxe5) 13... Be6 (13... Nb6 $17 14. Qe2 Nxc4 15. dxc4 e4) 14. O-O $15 Qd6 15. Nfd2 f5 16. Nb3 {White wants to play Nc5.} b6 17. Qd2 (17. N3d2 $15) 17... Rad8 18. b5 ({White should play} 18. Na3) 18... axb5 $17 19. axb5 {[#]} Nce7 (19... f4 $142 $1 20. exf4 (20. bxc6 Nxe3 {[%mdl 64] Double Attack} 21. Qe2 Nxf1 $17) 20... Nxf4) 20. Na3 {[#]} f4 $1 21. Nc2 fxe3 22. Rxf8+ Rxf8 23. Nxe3 Nxe3 (23... Nf4 $17) 24. Qxe3 $11 Bxc4 25. dxc4 Nf5 26. Qe4 Qf6 {White must now prevent ...Nd4!} 27. Rf1 Qe6 28. Nd2 Nd6 29. Rxf8+ Kxf8 30. Qc6 e4 31. Qxc7 e3 32. Nf3 e2 33. Kf2 Nxc4 34. Qd8+ Kf7 35. Qd3 Nd6 (35... e1=B+ {feels hotter.} 36. Nxe1 Ne5 37. Qg3 Kg8 38. Nc2 Qf5+) 36. Qxe2 (36. Ke1 {looks sharper.} Ke7 37. Nd4 Qe4 38. Qxe2 Kf6 39. Kd2) 36... Ne4+ 37. Kg1 Nxc3 38. Qd3 Nd5 39. h3 Nf4 40. Qd2 {The position is equal.} g5 41. Kh2 Qd5 42. Qc2 {aiming for Qc7+.} Qd6 43. Qf5+ (43. Qh7+ {is more complex.} Kf8 44. Qh8+ Ke7 45. Qg7+ Ke8 46. g3) 43... Kg7 44. Qe5+ Qxe5 45. Nxe5 {[%mdl 4096] Endgame KN-KN} Nd5 46. h4 Kf6 47. Ng4+ Kg6 48. hxg5 Kxg5 49. Ne5 h5 50. Nc4 Kg4 51. Ne5+ Kf5 52. Nc4 Ke4 53. Kh3 Kd4 54. Nxb6 Nxb6 {KN-KPP} 55. Kh4 Kc5 56. Kxh5 Kxb5 {KN-KP} 57. g4 Kc6 58. Kg6 Kd6 59. Kf7 Nd7 60. g5 Ne5+ 61. Kf6 Kd5 62. Kf5 Kd6 63. g6 Nxg6 {And White is the lucky defender.  Weighted Error Value: White=0.11/Black=0.11} 1/2-1/2